000 01294nam a2200385 i 4500
999 _c63981
_d63981
001 768714001
003 CO-MdFUSB
005 20180622072549.0
008 960829s1996 sp | o||| ||spa
017 _aNA 216-1996
_bOficina Depósito Legal Navarra
020 _a8431313943
040 _aSpMaBN
_bspa
_cCO-MdFUSB
_erda
_dCO-MdFUSBC
041 _aspa
080 0 _a1 Plantinga, Alvin
080 0 _a111
082 _223
_a111
_bM869
100 1 _aMoros, Enrique R.
_eautor
245 1 0 _aModalidad y esencia
_b: la metafísica de Alvin Plantinga
_c/ Enrique R. Moros Claramunt
264 _aPamplona
_bUniversidad de Navarra (EUNSA)
_c[1996]
300 _a389 págnas.
_c: 22 cm
336 _2rdacontent
_a1
_ba1
337 _2rdamedia
_a2
_b5
338 _2rdacarrier
_a2
_b5
490 1 _aColección filosófica
504 _aBibliografía: páginas. 357-389
505 _tCapítulo 1: La necesidad y el sistema modal
_tCapítulo 2: El sistema metafísico modal
_tCapítulo 3: La metafísica de la esencia
563 _arústico
600 1 7 _aPlantinga, Alvin
_xCrítica e interpretación
_2embne
650 7 _aMetafísica
_2embne
830 _aColección filosófica
_v103
942 _cBK
956 _a2